000 00286nam a22001337a 4500
008 170210b xxu||||| |||| 00| 0 eng d
020 _a07400704
041 _aeng
080 _a61
100 _a4
101 _aSHM
245 _aCRITICAL CARE CLINICS
_cGREENBAUM, D.M
942 _2udc
_cBK
999 _c5161
_d5161